000 00277nam a22001217a 4500
008 170630b xxu||||| |||| 00| 0 eng d
041 _aeng
080 _a/82
100 _a22
101 _aGJL
245 _aLITERATURE OF WESTERN CIVILIZATION
_cLOCKE.L.G
942 _2udc
_cBK
999 _c19790
_d19790